Biggest US Cities in 1900 - Statistics

General Stats
  • This quiz has been taken 26 times
  • The average score is 32 of 50
Answer Stats
Rank Population City % Correct
36 102,479 Los Angeles
100%
1 3,437,202 New York
100%
5 560,892 Boston
95%
2 1,698,575 Chicago
95%
13 285,704 Detroit
91%
3 1,293,697 Philadelphia
91%
6 508,957 Baltimore
86%
9 342,782 San Francisco
86%
15 278,718 Washington, DC
86%
43 89,872 Atlanta
82%
10 325,902 Cincinnati
82%
11 321,616 Pittsburgh
82%
8 352,387 Buffalo
77%
7 391,768 Cleveland
77%
28 125,560 Columbus
77%
22 163,752 Kansas City
77%
12 287,104 New Orleans
77%
20 175,597 Providence
77%
48 80,671 Seattle
77%
40 94,151 Albany
73%
21 169,164 Indianapolis
73%
37 102,320 Memphis
73%
49 79,850 Hartford
68%
17 206,433 Jersey City
68%
19 202,718 Minneapolis
68%
47 80,865 Nashville
68%
16 246,070 Newark
68%
42 90,426 Portland
68%
46 85,050 Richmond
68%
24 162,608 Rochester
68%
4 575,238 St Louis
68%
14 285,315 Milwaukee
64%
30 108,374 Syracuse
64%
26 131,822 Toledo
64%
25 133,859 Denver
59%
31 108,027 New Haven
55%
18 204,731 Louisville
50%
38 102,026 Scranton
50%
29 118,421 Worcester
45%
45 85,333 Dayton
41%
44 87,565 Grand Rapids
41%
23 163,065 St Paul
41%
35 102,555 Omaha
36%
33 104,863 Fall River
23%
32 105,171 Paterson
23%
27 129,896 Allegheny
18%
41 91,886 Cambridge
18%
39 94,969 Lowell
18%
50 78,961 Reading
5%
34 102,979 St Joseph
0%
No matching quizzes found
Score Distribution
Percent of People with Each Score
Percentile by Number Answered
Your Score History
You have not taken this quiz